Economic Survey 2013.
| Corporate Author: | |
|---|---|
| Format: | Book |
| Published: |
Nairobi:
Central Bureau of Statistics,
2013.
|
| Subjects: |
| LEADER | 00482cam a2200157 7i4500 | ||
|---|---|---|---|
| 001 | 0000031186 | ||
| 005 | 20140408090000.0 | ||
| 020 | 0 | 0 | |a 9966767436 |
| 090 | 0 | 0 | |a KENA 330.9 |b KEN |
| 110 | 2 | 0 | |a Kenya National Bureau of Statistics |
| 245 | 0 | 0 | |a Economic Survey 2013. |
| 260 | 0 | 0 | |a Nairobi: |b Central Bureau of Statistics, |c 2013. |
| 300 | # | # | |a 302 p. |
| 650 | 0 | 0 | |a Economic surveys -- |z Republic of Kenya |
| 651 | 0 | 0 | |a Republic of Kenya |
| 999 | |a 0000033781 |b Book |c Countries |e Business Information Centre | ||


